00488nam a2200205 a 4500001001300000003000900013005001700022008004100039020001200080082001600092100002100108245001400129260003200143300000900175500003500184505001000219650001100229650002100240700002100261nice12345678IN_TiNIC20260116013120.0050524s1995 lona grp 000 0 eng  ac599.400a297.4bMAS2 aMason, Herbert W aAl-Hallaj aLondonbCurzon Press c1995 a107p aincludes index and biblioraphy2 aIndex aSufism aAl-Hallaj-Sufism1 aMason, Herbert W